| 000 | 00833nam a22002057a 4500 | ||
|---|---|---|---|
| 005 | 20251108164238.0 | ||
| 008 | 250721s1987 xx 000 0 ara d | ||
| 082 | 1 | 4 | _a338.91/نوز |
| 100 | 1 | _aنوزيتر، برنارد د | |
| 245 | 1 | 0 |
_aالعراك الدولي لتحقيق المزيد من المكاسب : مصارعة دول العالم الثالث للدول الغنية : _bمصارعة دول العالم الثالث للدول الغنية / |
| 246 | 1 | 1 | _aTHE GLOBAL STRUGGLE FOR MORE |
| 264 | 1 |
_aعمان : _bمركز الكتب الأردني، _c1987. |
|
| 300 | _a352ص | ||
| 650 | 1 | 7 | _aالعلاقات الإقتصادية الدولية |
| 650 | 1 | 7 | _aالبلدان النامية |
| 650 | 1 | 7 | _aالإقتصاد |
| 700 | 1 |
_aالعابودي، فهمي _etran. |
|
| 942 |
_2ddc _cBK |
||
| 999 |
_c7334 _d7334 |
||